Responses for Show #2034 - Thursday, June 10, 1993

Al Lin game 1.

Contestants

[<< previous game]

Al Lin, a law student originally from Chesapeake, Virginia

Gina Logan, a college administrator from Northfield, Vermont

Judith Cahill, a homemaker from Wilmington, Delaware (whose 1-day cash winnings total $12,800)

[next game >>]

Jeopardy! Round responses

DECLARATION SIGNERS
NUTRITION
ANIMALS
TRAVEL FLORIDA
"HOT" STUFF
TV PROFESSIONS
(Alex: We will give you the names of various personalities, perhaps actors, perhaps characters, you have to tell me the profession practiced by these individuals.)
    $100 30
Philadelphia

Judith
    $100 4
calories

Gina
    $100 2
a koala

Judith
    $100 22
Tallahassee

Al
    $100 1
hot dog

Gina
    $100 16
secret agents

Judith
    $200 29
Benjamin Franklin

Judith
    $200 5
vitamin A

Gina
    $200 3
a bird

Al
    $200 25
St. Augustine

Al
    $200 9
hot-blooded

Al
    $200 17
police officers

Gina
    $300 19
Liverpool

Judith
    $300 6
(Gina: What are polysaturated?)

polyunsaturated

GinaAl
    $300 13
dogs

Gina
    $300 26
St. Pete

Al
    $300 10
the Red Hot Mamas

Judith
    $300 18
newspaper editors

Al
    $1,100 23
John Adams & Sam Adams

Al
    $400 7
folic acid

Judith
    $400 14
a wolverine

Al
    $400 27
(Judith: Uh, what are hydroplanes?)

glass-bottomed boats

JudithGina
    $400 11
The Long Hot Summer

Triple Stumper
    $400 20
lawyers

Judith
    $500 24
New Jersey

Judith
    $500 8
minerals

Judith
    $500 15
(Alex: [To Judith] Did you like that clue? You should "gnaw"?)
(Judith: Yup, it's pretty poor, but what the heck, I got it.)
[Laughter]
(Alex: Remember folks, she said it, not I.)

rodents

Judith
    $500 28
Key West

Al
    $500 12
hot cross buns

Al
    $500 21
(Judith: Who are TV writers?)
(Alex: TV writers? Be more specific.)

TV comedy writers

Judith

Scores at the first commercial break (after clue 15):

Judith Gina Al
$1,800 $400 $1,600

Scores at the end of the Jeopardy! Round:

Judith Gina Al
$3,500 $1,000 $4,100

Double Jeopardy! Round responses

WORLD GEOGRAPHY
SPORTS
THE CIVIL WAR
SHAKESPEARE
METALS
POTPOURRI
    $200 1
Iwo Jima

Al
    $200 24
Pete Rose

Al
    $200 30
drums

Judith
    $200 3
Iago

Al
    $200 12
uranium

Al
    $200 27
the monarch

Al
    $400 8
Gibraltar

Al
    $400 18
the Indianapolis 500

Al
    $400 21
Fort Sumter

Al
    $400 5
Shylock

Judith
    $400 14
aluminum

Judith
    $400 29
The Sunshine Boys

Judith
    $600 9
the Gobi

Al
    $600 19
(Al: Who is... Arnold Palmer?)

Jack Nicklaus

GinaAl
    $600 20
Richmond

Gina
    $600 4
Puck

Judith
    $600 15
tin

Gina
    $600 28
Chisholm

Al
    $800 10
(Judith: What is [*]?)
(Alex: Yes.)
(Judith: Oh, it is? Good.)
[Laughter]

the Gulf of Bothnia

Judith
    $800 23
horse racing

Judith
    $800 13
Grant

Judith
    $800 6
Romeo

Judith
    $1,600 16
titanium

Gina
    $800 26
KLM

Judith
    $1000 11
Aconcagua

Judith
    $1000 22
the San Francisco 49ers

Triple Stumper
    $1000 2
Burnside

Judith
    $1,000 7
(Judith: Oh, no, my worst nightmare.)
(Alex: Why is that your worst nightmare?)
(Judith: SHAKESPEARE for $1000?)
...
(Judith: What is The Merry Wives of Windsor?)
(Alex: Sorry, that is incorrect.)
(Judith: The other one.)
(Alex: What is [*]?)
...
(Judith: I didn't know which one to choose.)

Henry V

Judith
    $1000 17
nickel

Al
    $1000 25
(Al: What is Rice?)

Baylor

Al
Triple Stumper

Scores at the end of the Double Jeopardy! Round:

Judith Gina Al
$10,500 $4,400 $6,900

[wagering suggestions for these scores]

Final Jeopardy! Round responses

BIOGRAPHIES
(Alex: [To Al] What had you written down?)
(Al: I was way off, nevermind.)
...
(Judith: I put von Richthofen, it was the best I could come up with.)
...
(Alex: What did you put before that?)
(Judith: I was gonna do Rip Van Winkle.)
(Al: That's what I was thinking.)
GinaWho was Rembrandt
$4,400
AlWho was Rembrandt Rip Va
$3,601
JudithWho is Rip von Richthofen
$3,301
Rembrandt van Rijn

Final scores:

Judith Gina Al
$7,199 $8,800 $10,501
3rd place: Smith Corona WP 1100 word processor + Jeopardy! home game or computerized version 2nd place: Pacific Sun outdoor furniture & Hatteras hammock + Jeopardy! home game or computerized version New champion: $10,501

Game dynamics:

Coryat scores:

Judith Gina Al
$11,500 $3,600 $6,200
24 R,
2 W
(including 1 DD)
10 R
(including 1 DD),
1 W
22 R
(including 1 DD),
2 W

Combined Coryat: $21,300

[game clues] [game scores] [suggest correction]

Game tape date: 1993-01-20
The J! Archive is created by fans, for fans. Scraping, republication, monetization, and malicious use prohibited; this site may use cookies and collect identifying information. See terms. The Jeopardy! game show and all elements thereof, including but not limited to copyright and trademark thereto, are the property of Jeopardy Productions, Inc. and are protected under law. This website is not affiliated with, sponsored by, or operated by Jeopardy Productions, Inc. Join the discussion at JBoard.tv.